| 000 | 02079nam a22001937a 4500 | ||
|---|---|---|---|
| 003 | OSt | ||
| 005 | 20220107122808.0 | ||
| 008 | 160226b xxu||||| |||| 00| 0 eng d | ||
| 040 | _c | ||
| 100 |
_aMegha Jacob (93514009) _98211 |
||
| 245 | _aIdentification of coal mill model parameters using genetic algorithm | ||
| 502 |
_bMaster of Philosophy in Computer Science _c2014-2015 _dINT _eElizabeth Sherly |
||
| 520 | _a Coal mill is a necessary part of the thermal power plant. They are now obliged to vary their output in response to changing electricity scenario. Now a days the demand of electricity is increasing but the conventional methods like hydroelectric power generation facing numerous difficulties. Therefore the urgency of the power plant is towering; these have impacted the coal mill and thermal power plant operation safety and reliability. This thesis is a study of dynamic responses of thermal power plants through mathematical modeling, identification, and simulation. Genetic Algorithm is chosen in this work as it is a stable algorithm for parameter identification, real-time and on-line implementation. The raw data used in modeling can be obtained without any extensive mill tests. The simulation results show a satisfactory agreement between the model response and measured value. The model is verified using on-site measurement data and on-line test. The mill-related features that affect milling performance include coal properties mainly calorific value, grind ability, abrasiveness, moisture content, mill types (low-speed mill, medium-speed mill, high-speed mill), pulverized coal distribution system that is presence of bifurcations and trifurcations, and control strategy, etc. We have tried to estimate the unknown parameter that affect the coal milling process at steady state condition implemented using Genetic Algorithm based on plant measurement data | ||
| 650 |
_aCOMPUTING METHODOLOGIES _98212 |
||
| 650 |
_aMODELING AND SIMULATION _98213 |
||
| 650 |
_aMODELING METHODOLOGIES _98214 |
||
| 650 |
_aGENETIC ALGORITHM _98215 |
||
| 942 |
_2ddc _cPR |
||
| 999 |
_c4911 _d4911 |
||